000
00387nam a22001577a 4500
003
MPLRDC
005
20220104123958.0
008
210129b ||||| |||| 00| 0 eng d
082
_a
417.34 LG
100
_a
雷鼓出版社编辑部
245
_a
怀孕的医学常识
_c
260
_a
_b
雷鼓出版社
_c
1990
300
_b
平
650
_a
妊娠、产前
942
_c
BK
_o
417.34 LG
999
_c
15694
_d
15684